Handbook of Restorative Justice : A Global Perspective /

Obra que reúne treinta y ocho ensayos distribuidos en siete apartados, donde los autores abordan un análisis de los supuestos teóricos y los cauces prácticos de la justicia restaurativa en diversas latitudes geográficas. Esta justicia tiene como propósito aportar los elementos para responder sistemá...

Ausführliche Beschreibung

Gespeichert in:
Bibliographische Detailangaben
1. Verfasser: Tifft, Larry (ed.)
Weitere Verfasser: Sullivan, Dennis (edición) (edición)
Format: Buch
Sprache:Englisch
Veröffentlicht: Londres, Inglaterra : Routledge, 2006, c2006
Birmingham, EUA : EBSCOhost [distribución], 2006
Schlagworte:
Online-Zugang:Ver documento en línea
Tags: Tag hinzufügen
Keine Tags, Fügen Sie das erste Tag hinzu!

MARC

LEADER 00000nam^a2200000^a^4500
001 000359904
005 20251023000000.0
009 20260310115408.832
020 |a 978-0-2033-4682-2 
037 |a Acervo ITESO - Biblioteca 
041 |a ING 
082 |a 364. 68  |b TIF 
100 |a Tifft, Larry  |e (ed.) 
245 1 0 |a Handbook of Restorative Justice :  |b A Global Perspective /  |c Ed. de L. Tifft, D. Sullivan. 
264 4 |a Londres, Inglaterra :  |b Routledge,  |c 2006, c2006 
264 4 |a Birmingham, EUA :  |b EBSCOhost [distribución],  |c 2006 
300 |a 1 libro electrónico en línea (XVII, 574 p.) 
336 |a datos para computadora  |b cod  |2 rdacontenido 
337 |a computadora  |b c  |2 rdamedio 
338 |a recurso en línea  |b cr  |2 rdasoporte 
506 1 |a 3 licencias 
520 |a Obra que reúne treinta y ocho ensayos distribuidos en siete apartados, donde los autores abordan un análisis de los supuestos teóricos y los cauces prácticos de la justicia restaurativa en diversas latitudes geográficas. Esta justicia tiene como propósito aportar los elementos para responder sistemáticamente a los efectos producidos por la comisión de un delito o un hecho ilícito en contra de las víctimas y con ello pugnar por una sanción alternativa no institucionalizada que les repare el daño y les proporcione asistencia. 
649 |a XX 
650 |a Víctimas 
650 |a Justicia Restaurativa -  |x Tema Principal 
650 |a Justicia -  |x Administración 
650 |a Delitos 
650 |a Reparación del Daño 
650 |a Negociación y Mediación -  |x Aspectos Jurídicos 
650 |a Pena (Derecho) -  |x Tema Principal 
650 |a Derecho Penal 
650 |a Criminología 
700 |a Sullivan, Dennis  |e (edición) 
856 4 0 |u https://ezproxy.iteso.mx/login?url=https://search.ebscohost.com/login.aspx?direct=true&scope=site&db=nlebk&db=nlabk&AN=193764  |y Ver documento en línea 
910 |a Fondo General 
920 |a Electrónicos - Libros en Línea 
930 |a Plataforma Digital 
905 |a 205 
901 |a 359904-1  |b IT2  |c EBO  |i C880  |u 20250521 
901 |a 359904-2  |b IT2  |c EBO  |i C880  |u 20250521 
901 |a 359904-3  |b IT2  |c EBO  |i C880  |u 20250521 
902 |a https://opac.biblio.iteso.mx/vufind/Record/000359904